[Event "Shenzhen Du Te Cup"]
[Site "Shenzhen"]
[Date "2017.03.27"]
[Round "5"]
[White "Giri, Anish"]
[Black "Svidler, Peter"]
[Result "1/2-1/2"]
[WhiteElo "2769"]
[BlackElo "2741"]
[Annotator "Krasenkow,M"]
[PlyCount "77"]
[EventDate "2017.03.23"]
[EventType "tourn"]
[EventRounds "10"]
[EventCountry "CHN"]
[EventCategory "21"]
[SourceTitle "CBM 178"]
[Source "ChessBase"]
[SourceDate "2017.05.14"]
[SourceVersion "1"]
[SourceVersionDate "2017.05.14"]
[SourceQuality "1"]

1. Nf3 Nf6 2. c4 c5 3. d4 cxd4 4. Nxd4 d5 5. cxd5 Nxd5 {This position usually
arises from another move order: 1.d4 d5 2.Nf3 c5 3.c4 cxd4 4.cxd5 Nf6 5.Nxd4
Nxd5.} 6. e4 Nf6 (6... Nb4 {is the main alternative here.}) 7. Bb5+ (7. Nc3 {
is played more often.}) 7... Bd7 (7... Nfd7 $6 8. O-O a6 9. Ba4 g6 10. e5 $1 e6
(10... Bg7 $2 11. e6 $18) 11. f4 $14 {1-0 (21) Alekhine,A-Rellstab,L/Bad
Nauheim (03) 1936}) 8. Qe2 {A rare, hardly promising continuation.} (8. e5 {
is not dangerous:} Bxb5 9. Nxb5 Qxd1+ 10. Kxd1 Nd5 11. N1c3 Nc6 $1 12. Nxd5
O-O-O 13. Nbc3 e6 14. Bd2 exd5 $11 {1-0 (37) Szalanczy,E (2335)-Szuhai,B
Budapest 1982}) (8. Nc3 e5 {leads to a position usually arising after 7.Nc3 e5
8.Bb5+ Bd7}) (8. Bxd7+ {is probably the most appropriate:} Nbxd7 (8... Qxd7 9.
e5) 9. Nc3 e5 10. Nf5 (10. Ndb5 Nc5 11. Qxd8+ Rxd8 12. Bg5 a6 13. Nc7+ Kd7 14.
N7d5 Nxd5 $5 15. Rd1 Rc8 16. Nxd5 Ke6 $11) 10... Nc5 11. Qxd8+ (11. Qf3 Qd3 12.
Qxd3 Nxd3+ 13. Ke2 {1-0 (34) Alekhine,A-Blum,M Bern 1922} Nc5 $14) 11... Rxd8
12. Bg5 Nd3+ 13. Ke2 Nf4+ 14. Bxf4 exf4 15. Rhd1 g6 16. Rxd8+ Kxd8 17. Rd1+ Nd7
18. Nd6 $14 {1/2 (40) Yrjola,J (2413)-Salmensuu,O (2428) Finland 2002}) 8... e5
(8... a6 $143 9. Bxd7+ Nbxd7 10. O-O e6 11. Nc3 Qc7 12. Bg5 Bd6 13. Rac1 Bxh2+
14. Kh1 Be5 15. f4 Bxd4 16. Nb5 $40 {1-0 (47) Udovcic,M-Karaklajic,N Sarajevo
1951}) 9. Nf3 Bb4+ 10. Bd2 Bxd2+ 11. Nbxd2 Qb6 {Black has simplified the game
to his favour but now his queen comes under attack.} (11... Qe7 {looks more
solid and close to equality.}) 12. a4 a6 (12... Bxb5 13. Qxb5+ $5 Nc6 14. Nc4)
13. Nc4 Qc5 14. Bxd7+ Nbxd7 15. O-O O-O 16. Rfd1 Rac8 (16... Rad8 $142 {
, and Black holds on, e.g.} 17. Rd2 (17. Rac1 Qb4 {[%cal Yd7c5]}) 17... Qb4 18.
Rad1 Rc8 19. Nd6 Rc7) 17. Nd6 Rc6 18. Qd2 $1 Qb6 19. b4 Qc7 20. Rac1 $16 Nb6
21. Rxc6 Qxc6 (21... bxc6 22. a5 Nbd5 (22... Nbd7 23. Ng5 $18 {[%csl Rf7]}) 23.
exd5 Qxd6 24. dxc6 Qxc6 25. Nxe5 $16) 22. Nxe5 Qxa4 23. Rc1 Qb3 24. Qd4 Qe6 25.
Nxb7 $18 {White has won a pawn while keeping an excellent position.} Re8 26. f4
Nbd7 27. Nd6 Rf8 28. Nc6 Nb8 29. Na5 Nbd7 30. Nc6 Nb8 31. Na5 Nbd7 32. Rd1 Nh5
33. e5 (33. f5 Qe5 34. Nc6 $18 {is simpler}) 33... Qg4 34. Rf1 g5 {Desperation.
.. and White fails to find a refutation!} 35. h3 $2 {[%mdl 8192]} (35. Nc6 $1
Nxf4 36. Ne7+ Kh8 (36... Kg7 37. e6+ f6 38. Nef5+ Kg6 39. Rxf4 Qxf4 40. exd7
Qc1+ 41. Kf2 $18) 37. e6+ f6 38. Rxf4 gxf4 (38... Qxe6 39. Re4 $18) 39. Nf7+ (
39. exd7 Qe6 40. Kf1 Qxe7 41. Nb7 {is quite enough, too}) 39... Kg7 (39... Rxf7
40. exd7) 40. Qxd7 Rxf7 (40... f3 41. Nf5+ Kg6 42. Ne5+ fxe5 43. Qg7+ Kxf5 44.
Qxf8+ $18) 41. h3 $1 Qg5 42. Nf5+ Qxf5 43. Qxf7+ Kh6 44. e7 $18) 35... Nxf4 $1
36. hxg4 Ne2+ 37. Kf2 (37. Kh2 $142) 37... Nxd4 38. Rd1 (38. Ke3 $142 Nc2+ 39.
Ke4 Nxb4 40. Rf3 $44) 38... f6 $1 {A move certainly overlooked by Anish Giri.}
(38... Ne6 39. Ndc4 Nb8 40. Rd6 $16) 39. e6 (39. Nf5 $142 fxe5 40. Ke1 $1 {
with a probable draw.}) ({After} 39. e6 Nxe6 {White must fight for survival a
pawn down but Peter Svidler was happy with a miraculous rescue.}) 1/2-1/2

[Event "Dortmund 44th"]
[Site "Dortmund"]
[Date "2016.07.17"]
[Round "7"]
[White "Buhmann, Rainer"]
[Black "Nisipeanu, Liviu Dieter"]
[Result "1/2-1/2"]
[WhiteElo "2653"]
[BlackElo "2674"]
[Annotator "Krasenkow,M"]
[PlyCount "54"]
[EventDate "2016.07.09"]
[EventType "tourn"]
[EventRounds "7"]
[EventCountry "GER"]
[EventCategory "20"]
[SourceTitle "CBM 174"]
[Source "ChessBase"]
[SourceDate "2016.09.13"]
[SourceVersion "1"]
[SourceVersionDate "2016.09.13"]
[SourceQuality "1"]

1. Nf3 d5 2. d4 Bf5 3. c4 e6 4. Nc3 Nf6 5. Bf4 Bb4 {More common continuations:}
(5... c6) (5... Bd6) 6. Qa4+ (6. cxd5 exd5 7. Qa4+ Nc6 8. Rc1 O-O 9. Bg5 Qd6
10. Bxf6 Qxf6 11. e3 Rfd8 12. Be2 a6 13. a3 Bf8 14. b4 Qh6 15. O-O Bd6 16. g3
Ne7 $132 {1/2 (52) Cherniaev,A (2484)-Bauer,C (2681) Flims 2012}) 6... Nc6 7.
Ne5 O-O 8. Nxc6 Bxc3+ 9. bxc3 bxc6 10. Qxc6 Qb8 {[%cal Rb8b2] White has won a
pawn but Black obtains a development advantage and tries to exploit it.} 11.
Qb5 (11. Bc1 {looks ugly but deserves attention. After} Qb6 12. Qxb6 axb6 13.
f3 {[%cal Ye1f2]} Ra4 14. cxd5 exd5 15. e3 Rfa8 16. a3 {Black's compensation
is not convincing.}) 11... dxc4 12. Qxb8 Rfxb8 13. Bxc7 $6 {Not a good time
for consumption.} (13. f3 $142 Rb1+ (13... Bb1 14. e4 $1) 14. Rxb1 Bxb1 15. e4
Bxa2 16. Bxc7 a5 $132 {[%csl Ga5]}) 13... Rb2 14. f3 Bb1 $6 {[%mdl 2048]} ({
It was better to play} 14... Nd5 $1 {first:} 15. Bd6 Bb1 (15... Nxc3 $143 16.
e4) 16. Ba3 $1 Rxa2 17. Rxa2 Bxa2 18. Kd2 Rb8 19. e4 Nxc3 20. Kxc3 Rb3+ 21.
Kxc4 Rxa3+ 22. Kb4 Rb3+ 23. Kc5 Rb1 24. g4 $15) 15. Kd1 {The best way for
White to complete his development.} (15. e4 Bd3 $5) 15... Nd5 {A bit too late.}
16. Kc1 Rxa2 17. Rxb1 Nxc7 18. e4 Ra4 19. Be2 $14 {White has developed his
kingside; Black's c4-pawn is a real weakness, and his a-pawn is a potential
one.} f5 (19... a6 {[%cal Rc7b5]} 20. Kc2 $1 Ra2+ (20... Nb5 21. Ra1) 21. Rb2
Ra4 22. Rhb1 Nb5 23. Kd2 $14 {[%cal Yb2b4]}) (19... Ra2 20. Bxc4 Rxg2 21. Rb2
$14) 20. Rf1 $6 {The right plan was to bring White's king to the centre:} (20.
g3 $1 Rf8 21. Kd2 $16) ({but, of course, not} 20. Kd2 Ra2+ 21. Ke3 f4+) 20...
Rf8 21. Rb7 Na8 22. Kb2 $6 (22. Bd1 $142 Ra2 23. Bc2 fxe4 24. Kb1 $14 {[%cal
Yc2e4]}) 22... Nb6 23. Bd1 Ra5 24. Bc2 Rf7 {Trading his passive rook for
White's active one, Black solves his problems.} 25. Rb8+ Rf8 26. Rb7 (26. Rxf8+
Kxf8 {is now quite comfortable for Black. The second rook exchange is not
dangerous for him:} 27. Ra1 Rxa1 28. Kxa1 g6 29. Kb2 Ke7 30. Ka3 a5 $11) 26...
Rf7 27. Rb8+ Rf8 1/2-1/2

[Event "Olympiad-32"]
[Site "Yerevan"]
[Date "1996.09.28"]
[Round "12.2"]
[White "Ricardi, Pablo"]
[Black "Rausis, Igors"]
[Result "1/2-1/2"]
[WhiteElo "2535"]
[BlackElo "2495"]
[Annotator "Lempert,I"]
[PlyCount "95"]
[EventDate "1996.09.15"]
[EventType "team-swiss"]
[EventRounds "14"]
[EventCountry "ARM"]
[SourceTitle "CBM 055"]
[Source "ChessBase"]
[SourceDate "1996.12.01"]
[SourceVersion "1"]
[SourceVersionDate "1996.12.01"]
[SourceQuality "1"]
[WhiteTeam "Argentina"]
[BlackTeam "Latvia"]
[WhiteTeamCountry "ARG"]
[BlackTeamCountry "LAT"]

1. d4 d5 2. c4 Bf5 3. cxd5 Bxb1 4. Qa4+ c6 5. dxc6 Nxc6 6. Rxb1 Qxd4 7. Qxd4
Nxd4 8. e3 Nc6 9. Nf3 (9. b4 $5 e6 10. a3 Bd6 11. Nf3 Nf6 12. Bb2 Ke7 13. g3 $1
Rac8 14. Bg2 Rhd8 15. Ke2 $14 {Ehlvest,J-Rausis,I/Riga/1995/1:0/38/}) 9... e6 (
9... Rc8 10. Bd2 Nf6 11. Bd3 e6 12. a3 Bd6 13. Ke2 $14 {Gausel,E-Nadsen,J/Alta/
1996/}) 10. Bb5 Rc8 11. Ne5 Nge7 12. Bd2 a6 13. Bxc6+ Nxc6 14. Rc1 Bd6 (14...
Na7 15. Ke2 $14) 15. Nxc6 Rxc6 16. Rxc6 bxc6 17. Ke2 Kd7 18. Bc3 e5 (18... f6
$5) 19. f4 $1 exf4 20. exf4 Bxf4 (20... f6 21. Rd1 Ke7 22. Kf3 $14) 21. Kf3 (
21. Bxg7 $1 Rg8 22. Bc3 $14 Rxg2+ $2 23. Kf3 Rxh2 24. Rd1+ $18) 21... Bh6 22.
Rd1+ Ke6 23. Re1+ Kd7 24. Rd1+ Ke6 25. Bb4 $1 Rb8 26. Ba3 Rc8 27. Rd6+ Ke5 28.
Rd7 f5 (28... Ke6 29. Re7+ Kf6 30. Ra7 $16) 29. Re7+ Kd5 30. Rf7 Ke5 31. Re7+
Kd5 32. Rf7 Ke5 33. Bb4 $1 (33. Ra7 Rd8) 33... Ke6 34. Ra7 Bc1 35. Bc3 g5 36.
Rxh7 (36. Rxa6 g4+ 37. Kf2 $14) 36... g4+ 37. Ke2 Bf4 38. h3 $6 (38. g3 Bg5 $1
(38... Bd6 39. Rh6+ $16) 39. Ra7 Bf6 40. Bxf6 Kxf6 41. Rxa6 (41. Kf2 $5) 41...
Rh8 42. Rxc6+ Ke5 $14) 38... gxh3 39. Rxh3 Rg8 40. Kf3 Rg4 41. Rh8 Bd6 $10 42.
Ra8 Ra4 43. a3 Kd5 44. Rd8 Rf4+ 45. Ke2 Re4+ 46. Kf3 Rf4+ 47. Ke2 Re4+ 48. Kf3
1/2-1/2

[Event "Dortmund 46th"]
[Site "Dortmund"]
[Date "2018.07.18"]
[Round "4"]
[White "Wojtaszek, Radoslaw"]
[Black "Nepomniachtchi, Ian"]
[Result "1/2-1/2"]
[WhiteElo "2733"]
[BlackElo "2757"]
[Annotator "Marin,M"]
[PlyCount "83"]
[EventDate "2018.07.14"]
[EventType "tourn"]
[EventRounds "7"]
[EventCountry "GER"]
[EventCategory "19"]
[SourceTitle "CBM 186"]
[Source "ChessBase"]
[SourceDate "2018.09.14"]
[SourceVersion "1"]
[SourceVersionDate "2018.09.14"]
[SourceQuality "1"]

1. Nf3 d5 2. d4 Bf5 $5 3. c4 e6 4. Nc3 Nf6 {Having been considered a sideline
for entire decades, this variation bears Keres' name. The Estonian grandmaster
played it, indeed, on five occasions between 1948 and 1972, always from the 2.
Nf3 move order (and not 2.c4 Bf5). Recently, it has popped up in several top
level blitz and rapid games, more rarely in classical ones.} 5. Nh4 {A typical
4.e3 Slav plan.} ({The old critical line is} 5. Qb3 {but apparently Black is
doing fine:} Nc6 6. cxd5 exd5 7. Bg5 (7. a3 Na5 8. Qa2 Nc4 9. Bg5 c6 10. e3 Nd6
11. Be2 h6 12. Bxf6 Qxf6 {Grigoriants,S (2564)-Morozevich,A (2683) Moscow 
(blitz) 2016 (0-1, 29)}) 7... Na5 8. Qa4+ c6 9. Bxf6 gxf6 10. e3 Qb6 11. O-O-O
O-O-O 12. Bd3 Bg6 13. Qc2 Nc4 $13 {Wojtaszek,R (2744)-Grischuk,A (2810)
Beijing (blitz) 2014 (½-½ 28)}) 5... Bb4 ({Deviating from two of his own
games in which Nepomniachtchi played} 5... Bg6 6. g3 (6. e3 {may transpose to
the Slav, even though Black could think of something different, as ...c7-c6 is
not forced yet.}) 6... c6 7. Nxg6 hxg6 8. Qd3 (8. Bg2 dxc4 9. O-O Nbd7 10. b3
Qa5 11. Bd2 Bb4 12. Rc1 Nb6 $13 {(½-½, 106) Dubov,D (2701)-Nepomniachtchi,I 
(2751) Moscow (rapid) 2018}) 8... Nbd7 9. Bg2 Be7 10. O-O O-O 11. Rd1 Qa5 12.
b3 (12. e4 $5) 12... Rfd8 13. Qc2 Qa6 14. Rb1 dxc4 15. bxc4 Qxc4 16. Rxb7 Bb4
17. Rd3 Nd5 {Gelfand,B (2695)-Nepomniachtchi,I (2751) Moscow (blitz) 2018 (0-1,
46)}) 6. cxd5 (6. Nxf5 exf5 7. e3 {Huzman,A (2557)-Svidler,P (2748) Caleta
2017 CBM 177 [Navara,D] (0-1, 56)}) 6... Qxd5 {Black has given up the centre
for the sake of rapid piece development and control over the light squares.} 7.
e3 O-O (7... c5 8. Bb5+ Nc6 9. O-O {Gelfand,B (2724)-Mamedyarov,S (2772)
Moscow 2017 CBM 179 [Quintiliano,R] (½-½, 22)}) 8. Be2 Ne4 9. Bd2 Bxc3 10.
bxc3 $146 ({The way the game went, this wins a tempo over a previous Nepo game:
} 10. Bxc3 Nxc3 11. bxc3 Be4 12. O-O (12. f3 Qg5 13. g3 Bc6 $132 {is similar
to the game, but the queen is on d1 instead of d2.}) 12... Qa5 13. Qb3 Nd7 14.
Nf3 c5 $11 {(½-½, 23) Gelfand,B (2703)-Nepomniachtchi,I (2757) Jerusalem 
(rapid) 2018}) 10... Nxd2 {Accepting to play with a tempo down.} ({The
alternative was} 10... Nd7 11. f3 Nxd2 12. Qxd2 Bg6 13. e4 Qd6 14. O-O c5 {
when it would not be clear whether White's space advantage could yield
anything concrete:} 15. Rfd1 cxd4 16. Qxd4 $5 (16. cxd4 Rac8 {looks normal for
Black.}) 16... Qc5 $5 ({In the absence of queens the same structure as above
could be more promising as White could centralise his king while Black could
not:} 16... Qxd4+ 17. cxd4 Rac8 18. Rdc1 Nb6 19. Kf2 Na4 20. Ke3 $14) 17. Rab1
b6 18. Nxg6 $5 (18. Kf1 Rfd8 19. Nxg6 Qg5 $5 $11) 18... hxg6 19. Kf1 Rfd8 20.
Bb5 e5 (20... Qxd4 21. cxd4 $14) 21. Qd5 Qxd5 22. Rxd5 Nc5 23. Rxe5 Rd2 {
with certain counterplay for the pawn.}) 11. Qxd2 Be4 12. f3 Qg5 13. g3 Bc6 14.
e4 Qe7 ({A strange decision. There is this rule according to which the player
having less space should exchange pieces and I would say this applies to the
queens to the greatest extent.} 14... Qxd2+ 15. Kxd2 Nd7 {looks more
comfortable for Black than the game continuation.}) 15. O-O Nd7 {White has a
clear space advantage but the question about how to advance his pawns remains
open.} 16. c4 {In my view this unnecessarily weakens the d4-square.} ({I would
consider} 16. Rae1 Rad8 17. Bd3 $14 {[%cal Gf3f4,Gh4f3]}) 16... Rfd8 $6 {
Black loses an important tempo in what should be his main plan.} (16... b6 $5
17. Qe3 Bb7 {would keep White's initiative under control, as} 18. f4 $6 {allows
} c5 {when} 19. d5 $6 exd5 20. cxd5 {loses a pawn to} Nf6 21. Bf3 Nxd5 $15) 17.
Qe3 b6 {A bit too late.} (17... e5 18. Nf5 Qf8 19. d5 Ba4 20. Bd1 $14) 18. f4
Bb7 19. Bf3 $1 Nf8 (19... c5 {does not work anymore:} 20. d5 exd5 21. cxd5 Bxd5
22. Nf5 Qe6 (22... Qf6 23. g4 $18) 23. Qc3 Nf6 24. Nxg7 Kxg7 25. exd5 $16) 20.
Qc3 {[%csl Gb4][%cal Re3g5] Probably not the best, as White wastes a tempo and
weakens the kingside pressure.} (20. Rad1 $5 $14 Qb4 21. Rc1 {[%cal Ga2a3]})
20... Rd7 21. Rad1 Rad8 {White is hanging a bit already.} 22. Rf2 $1 {A very
accurate move, preparing to double rooks and defending on the way the g1-a7
diagonal.. White still retains a slight advantage.} (22. Rfe1 g5 $5 23. Nf5 (
23. fxg5 Rxd4 24. Rxd4 Qc5 25. Red1 e5 $132) 23... exf5 24. exf5 Qf6 25. fxg5
Qxf5 26. Bxb7 Rxd4 27. Rxd4 Qc5 28. Bd5 (28. Ree4 Ne6) 28... Rxd5 $11 29. Ree4
$8 Ne6 30. cxd5 $8 Qxc3 31. dxe6 $11) 22... Ng6 23. Ng2 f5 $14 {The only way
in which Black can use the slight drawback of Rf2 with respect to Rfe1.} 24. e5
(24. exf5 Bxf3 25. Rxf3 exf5 26. Rfd3 Qf7 27. d5 Re8 {and White's position is
only marginally better.}) 24... Bxf3 25. Rxf3 Qf7 26. Rfd3 Ne7 (26... c6 27.
Ne3 Ne7 {would have been a more restrictive move order.}) 27. Ne3 ({Missing
the chance with} 27. d5 $1 exd5 28. cxd5 Rxd5 (28... Nxd5 29. Qc6 $18) 29. Qxc7
Rxd3 30. Qxd8+ Rxd8 31. Rxd8+ Qf8 32. Rxf8+ Kxf8 33. Kf2 $14 {and the knight
ending could prove dangerous for Black.}) 27... c6 {White's position looks
more active but since d4-d5 is improbable Black is out of danger. Soon he will
completely equalise by starting kingside counterplay.} 28. a4 h6 29. Qb3 Kh7
30. R1d2 g5 $11 31. Qd1 gxf4 32. gxf4 Rg8+ 33. Kh1 Rg7 34. Qf3 Rd8 35. Rg2 Rxg2
36. Kxg2 Ng6 37. Kf1 Qd7 38. Rd1 Qe8 39. Ng2 Qd7 40. Ne3 Qe8 41. Ng2 Qd7 42.
Ne3 1/2-1/2